Freedom of the will (Record no. 998394)

MARC details
000 -LEADER
fixed length control field 00832nam a2200265Ia 4500
003 - CONTROL NUMBER IDENTIFIER
control field OSt
005 - DATE AND TIME OF LATEST TRANSACTION
control field 20221005092126.0
008 - FIXED-LENGTH DATA ELEMENTS--GENERAL INFORMATION
fixed length control field 221004b |||||||| |||| 00| 0 eng d
020 ## - INTERNATIONAL STANDARD BOOK NUMBER
International Standard Book Number 9780415879477 (hbk)
037 ## - SOURCE OF ACQUISITION
Terms of availability Textual
040 ## - CATALOGING SOURCE
Original cataloging agency CRL
Transcribing agency CRL
Language of cataloging eng
041 ## - LANGUAGE CODE
Source of code eng
Language code of text/sound track or separate title eng
100 ## - MAIN ENTRY--PERSONAL NAME
Personal name Huoranszki Ferenc
9 (RLIN) 616925
245 #0 - TITLE STATEMENT
Title Freedom of the will
Remainder of title Conditional analysis
260 ## - PUBLICATION, DISTRIBUTION, ETC.
Place of publication, distribution, etc. New York
Name of publisher, distributor, etc. Routledge Taylor & Francis USA
Date of publication, distribution, etc. 2011
300 ## - PHYSICAL DESCRIPTION
Extent x,208p.
Dimensions cm.
490 ## - SERIES STATEMENT
Series statement Routledge studies in metaphysics
650 ## - SUBJECT ADDED ENTRY--TOPICAL TERM
Topical term or geographic name entry element PHILOSOPHY
942 ## - ADDED ENTRY ELEMENTS (KOHA)
Classification part R34, Q1
Koha item type Textual
Source of classification or shelving scheme
Holdings
Withdrawn status Lost status Damaged status Not for loan Home library Current library Date acquired Source of acquisition Cost, normal purchase price Total Checkouts Full call number Barcode Date last seen Cost, replacement price Price effective from Koha item type
        Central Library Central Library 2022-10-05 1152, 17/03/2011, Pioneer Books Distributors 5836.80   R34 Q1 CL1548062 2022-10-05 5836.80 2022-10-05 Textual
Copyright @ Delhi University Library System